000 00806nam a2200253 i 4500
001 22670
003 ES-MaACL
005 20250727033918.0
007 t|
008 021204s1978 sp ||||1| spa d
020 _a84-7222-371-X
100 1 _aAlthusser, Louis.
_920538
245 1 0 _aNuevos escritos :
_b(la crisis del movimiento comunista internacional frente a la teoría marxista) /
_cLouis Althusser ; [versión de Albert Roies Qui].
250 _a1ª ed.
260 _aBarcelona :
_bLaia,
_c1978.
300 _a166 p. ;
_c19 cm.
490 1 _aPolítica: teoría ;
_v23
650 7 _aComunismo
_2embne
_911211
650 0 0 _aMarxismo.
_914803
700 1 _aRoies, Alberto.
_998992
830 1 _aPolítica: teoría ;
_v23
_9229004
852 _aES-MaACL
_jA-10073
999 _c22670
_d22670